| 000 | 00827nam a22002412 4500 | ||
|---|---|---|---|
| 001 | 0000001067 | ||
| 005 | 20151217151804.0 | ||
| 008 | 070223s xx 000 0 eng d | ||
| 020 |
_a996621027X : _cKES 208 |
||
| 040 |
_aKABU _cKABU |
||
| 050 | 0 |
_aBV4319 _b.A37 1992 |
|
| 245 | 1 | 4 | _aThe African church in the communications era. |
| 260 |
_aNairobi : _bSt. Paul Publications - Africa, _c1992. |
||
| 300 |
_a160 p. ; _c21 cm. |
||
| 650 | 0 |
_aCommunication _xReligious aspects _xChristianity. _@0000149580 |
|
| 650 | 0 |
_aCommunication _zAfrica. _@0000149581 |
|
| 700 | 1 |
_aPhillipart, Michael. _@0000149582 |
|
| 908 | _a070223 | ||
| 950 | _@1 | ||
| 999 |
_c5060 _d5060 |
||